| 000 -LEADER |
| fixed length control field |
00299nam a22001337a 4500 |
| 008 - FIXED-LENGTH DATA ELEMENTS--GENERAL INFORMATION |
| fixed length control field |
170529b xxu||||| |||| 00| 0 eng d |
| 020 ## - INTERNATIONAL STANDARD BOOK NUMBER |
| International Standard Book Number |
3528046341 |
| 041 ## - LANGUAGE CODE |
| Language code of text/sound track or separate title |
ger |
| 080 ## - UNIVERSAL DECIMAL CLASSIFICATION NUMBER |
| Universal Decimal Classification number |
62 |
| 100 ## - Rafti |
| Rafti |
27 |
| 101 ## - Shkurtesa |
| Shkurtesa |
IM |
| 245 ## - TITLE STATEMENT |
| Title |
CIM-BASISWISSEN FUR DIE BERTIEBSPRAXIS |
| Statement of responsibility, etc |
PAUL,G |
| 942 ## - ADDED ENTRY ELEMENTS (KOHA) |
| Source of classification or shelving scheme |
|
| Item type |
Books |